Μελέτη της στάσης σώματος των παιχτών μπουζουκιού και της αλληλεπίδρασής της με το όργανο κατά τη μουσική εκτέλεση : διπλωματική εργασία

Η φύση της δουλειάς κάθε ατόμου και οι συνθήκες κατά την οποία αυτή πραγματοποιείται, απαιτεί από τους ανθρώπους την υιοθέτηση συγκεκριμένων στάσεων του σώματός τους για την περαίωσή της. Σε πολλές περιπτώσεις, κάποιες από τις στάσεις και θέσεις που παίρνει το σώμα πρέπει να διατηρούνται ή να επαναλ...

Πλήρης περιγραφή

Αποθηκεύτηκε σε:
Λεπτομέρειες βιβλιογραφικής εγγραφής
Κύριος συγγραφέας: Χασανίδου, Αλεξάνδρα
Συγγραφή απο Οργανισμό/Αρχή: Πανεπιστήμιο Αιγαίου. Τμήμα Μηχανικών Σχεδίασης Προϊόντων και Συστημάτων
Άλλοι συγγραφείς: Παπακωστόπουλος, Βασίλειος Γ. (Εισηγητής διατριβής)
Μορφή: Thesis Βιβλίο
Γλώσσα:Greek
Δημοσίευση: 2014
Θέματα:
Διαθέσιμο Online:http://hdl.handle.net/11610/9106
Ετικέτες: Προσθήκη ετικέτας
Δεν υπάρχουν, Καταχωρήστε ετικέτα πρώτοι!

MARC

LEADER 00000cam a2200000 i 4500
001 1/45514
008 140407s2014 gre d
035 |l 10117315 
040 |a GR-MY-UA  |b gre  |e aacr 
041 0 |a gre 
082 0 |a 787.85193  |2 (22) 
100 1 |a Χασανίδου, Αλεξάνδρα. 
245 1 0 |a Μελέτη της στάσης σώματος των παιχτών μπουζουκιού και της αλληλεπίδρασής της με το όργανο κατά τη μουσική εκτέλεση :  |b διπλωματική εργασία /  |c Χασανίδου Αλεξάνδρα ; επιβλέπων καθηγητής Παπακωστόπουλος Βασίλης 
260 |c 2014 
300 |a 147 σ.;  |b σχέδ.;  |c 30 εκ. 
500 |a Διάθεση πλήρους κειμένου ελεύθερης πρόσβασης 
502 |a Πτυχιακή εργασία – Πανεπιστήμιο Αιγαίου, Σύρος, 2014. 
504 |a Βιβλιογραφία: σ. 143-147 
520 |a Η φύση της δουλειάς κάθε ατόμου και οι συνθήκες κατά την οποία αυτή πραγματοποιείται, απαιτεί από τους ανθρώπους την υιοθέτηση συγκεκριμένων στάσεων του σώματός τους για την περαίωσή της. Σε πολλές περιπτώσεις, κάποιες από τις στάσεις και θέσεις που παίρνει το σώμα πρέπει να διατηρούνται ή να επαναλαμβάνονται για μεγάλες χρονικές περιόδους. Αυτός είναι ένας από τους βασικούς λόγους που επέρχεται η κόπωση στον ανθρώπινο οργανισμό και μπορεί να φτάσει μέχρι και τον τραυματισμό του. Ο σκοπός αυτής της εργασίας είναι να εντοπίσει τα πρβλήματα που ανακύπτουν στους επαγγελματίες παίχτες μπουζουκιού κατά τη διάρκεια μιας μουσικής εκτέλεσης και οι τρόποι αντιμετώπισής τους, ώστε να επιτύχουν τη βελτίωση της θέσης και στάσης του σώματός τους αλλά και την καλύτερη δυνατόν επαφή και αλληλεπίδραση με το βασικό εργαλείο της δουλειάς τους, το μπουζούκι. 
650 0 0 |a Musical instruments  |z Greece. 
650 0 0 |a Bouzouki  |x Performance. 
650 0 0 |a Dissertations, Academic  |z Greece. 
700 1 |a Παπακωστόπουλος, Βασίλειος Γ.  |4 ths 
710 2 |a Πανεπιστήμιο Αιγαίου.   |b Τμήμα Μηχανικών Σχεδίασης Προϊόντων και Συστημάτων. 
852 |a INST  |b SYROS  |c DIATR  |e 20140407  |h 787.85193 ΧΑΣ  |p 005500011336  |q 005500011336  |t DIE  |y 23 
852 |a INST  |b SYROS  |c DIATR  |e 20140407  |h 787.85193 ΧΑΣ  |p 005500011337  |q 005500011337  |t DIE  |y 23 
856 |u http://hdl.handle.net/11610/9106 
901 |a BIBL5-2014-2 
909 |a Ε  |b 174770 
909 |a Ε  |b 174771 
924 |a ΧΑΣΑΝΙΔΟΥ  |b ΑΛΕΞΑΝΔΡΑ  |y ΣΥΡΟΣ  |z 2014-02 
970 |a ΤΣΟΥΚΑΛΑ  |b ΑΛΙΚΗ  |z 2014/04/07